|
|
|
|
| LEADER |
00767cam a22002537c 4500 |
| 001 |
181513 |
| 003 |
arresunl |
| 005 |
20260520141819.0 |
| 008 |
260520s2001 ag gr 001 0dspa d |
| 020 |
|
|
|a 8466301674
|
| 035 |
|
|
|a (arresunl)181513
|
| 040 |
|
|
|9 AR
|9 NF
|a arresunl
|b spa
|c arresunl
|e rda
|g NOELIA SOLEDAD FERNANDEZ
|
| 082 |
0 |
4 |
|2 22
|a 142.78
|b C 53
|
| 245 |
1 |
0 |
|a Breviario de podredumbre
|c E. M. Cioran
|
| 246 |
|
3 |
|a Una tormenta de lucidez
|
| 250 |
|
|
|a Segunda edición
|
| 264 |
|
1 |
|a Madrid
|b Litografía Rosés, S.A
|c 2001
|
| 300 |
|
|
|a 346 páginas
|c 21 cm.
|
| 490 |
|
|
|a Punto de lectura
|v
|
| 650 |
1 |
7 |
|a Filosofía
|2 caicyt-fil
|9 546
|
| 650 |
1 |
7 |
|a Existencialismo
|2 caicyt-fil
|9 17254
|
| 650 |
1 |
7 |
|a Ensayo
|2 unescot
|9 41710
|
| 942 |
|
|
|c 00001
|2 ddc
|
| 999 |
|
|
|c 181513
|d 181513
|